000 00329 a2200157 4500
001 57462
020 _a8508075448
040 _cAnchieta - Pituba
100 _aSabino, Fernando
240 1 0 _aCara ou coroa?
_lpor
245 1 0 _aCara ou coroa?
300 _a128
362 0 _a2002
650 4 _aLiteratura juvenil
942 _cBK
999 _c57462
_d57462